| 000 | 004930000a22001570004500 | ||
|---|---|---|---|
| 003 | MACL | ||
| 005 | 20180222165728.0 | ||
| 008 | 180222b xxu||||| |||| 00| 0 eng d | ||
| 040 | _cmacl | ||
| 100 |
_aबायती ,जमनालाल _970557 |
||
| 245 | _aबाल मनोविज्ञान | ||
| 260 |
_bजयपुर _cअग्रवाल पब्लिकेशन _a2004 |
||
| 350 | _a150 | ||
| 650 |
_aमनोविज्ञान _970558 |
||
| 942 |
_cHIN _k155.4 _2ddc |
||
| 999 |
_c18557 _d18557 |
||